000 00195 a2200097 4500
020 _a8420445851
041 _aspa
100 _aQuiroga, Horacio
245 _aLos cuentos de mis hijos
942 _cBK
999 _c28562
_d28562